| 000 | 00699nam a22002057a 4500 | ||
|---|---|---|---|
| 999 |
_c20348 _d20348 |
||
| 003 | AR-CdUCM | ||
| 008 | 190529b ||||| |||| 00| 0 spa d | ||
| 040 |
_aMUNICIPALIDAD PROVINCIAL DEL CUSCO _cBIBLIOTECA MUNICIPAL DEL CUSCO |
||
| 082 |
_a621.8 / _bS79 _22ed. |
||
| 100 |
_aStewinbrings, D. W. _942558 |
||
| 245 |
_aConstrucción de Máquinas : _bElementos de tecnología mecánica / |
||
| 260 |
_aBarcelona : _bGustavo gili, _c1951. |
||
| 300 |
_a480 págianas _c25 cm. |
||
| 505 | _aContenido: Generalidades de Química -- Metaloides -- Acero... | ||
| 650 |
_aMetaloides _942559 |
||
| 650 |
_aMetales _919188 |
||
| 650 |
_aTecnología mecánica _942560 |
||
| 942 |
_2ddc _cLIBROS |
||
| 945 | _aAndy | ||